000 00580nam a22001817a 4500
003 JO-AjAnu
005 20240611135642.0
008 240611b jo ||||| |||| 00| 0 ara d
020 _a9788075921383
040 _aJO-AjAnu
_bENG
_cJO-AjAnu
041 _hENG
100 _aRepublic, Czech
_965471
245 _aBook OF Abstracts 10th International Symposium on Recent Advances in Food Analysis September 6-9,
_c/ Czech Republic
260 _bPrague:
_c University of Chemistry and Technology,
_a2022
300 _a547 pages
650 _vFood-Analysis
942 _2lcc
_cBK
_n0
999 _c33541
_d33541